000 00372nam a2200145Ia 4500
999 _c3778
_d3778
008 200103s9999||||xx |||||||||||||| ||und||
020 _a9781906915315
082 _aColumn-7
100 _athe nautical Institute
245 4 _aThe Shipmaster's Business self examiner
250 _a8th Ed.
260 _bThe nautical Institute
_c2011
_aLondon
300 _a287
942 _cBK